000 00918cam a2200265 a 4500
001 000015571
005 20200929164059.0
008 820714s1956 ve 000 0 spa
035 _a(DLC) 57037696
040 _aDO-SdBNP
_bspa
_cBNPHU
_dDLC
050 0 0 _aB3279.H94
_bM3
082 _a142.7
_bM474f
100 1 _aMayz Vallenilla, Ernesto,
_d1925-
_935134
245 1 0 _aFenomenología del conocimiento /
_cErnesto Mayz Vallenilla.
260 _aCaracas :
_bFacultad de Humanidades y Educación,
_bUniversidad Central de Venezuela,
_c[1956].
300 _a372 p. ;
_c25 cm.
490 1 _aTesis Doctorales
590 _aPerteneció a la biblioteca personal de Juan Isidro Jimenes Grullón
600 1 4 _aHUSSERL, EDMUND,
_d1859-1938.
_911301
650 4 _aFenomenología
_911303
650 4 _aTeoría del conocimiento
_913
830 0 _aTesis Doctorales.
_94085
910 _aCatalogación derivada
049 _aBNGR
999 _c15127
_d15127